Largest Suburbs in the United States - Statistics

General Stats
  • This quiz has been taken 51 times
  • The average score is 22 of 28
Answer Stats
National Rank Population State Primary City Suburb % Correct
13th 935,508 TX Dallas Fort Worth
100%
55th 345,940 CA Los Angeles Anaheim
94%
66th 307,220 NJ New York City Newark
91%
67th 307,193 MN Minneapolis Saint Paul
91%
45th 433,823 CA San Francisco Oakland
89%
36th 509,475 AZ Phoenix Mesa
87%
86th 258,201 FL Tampa Saint Petersburg
87%
50th 392,786 TX Dallas Arlington
85%
92nd 242,753 AZ Phoenix Scottsdale
85%
51st 389,347 CO Denver Aurora
83%
57th 322,178 NV Las Vegas Henderson
83%
75th 283,927 NJ New York City Jersey City
83%
79th 274,133 NV Las Vegas North Las Vegas
83%
95th 235,089 VA Virginia Beach Norfolk
81%
100th 222,203 CA Riverside San Bernardino
81%
43rd 456,062 CA Los Angeles Long Beach
79%
77th 277,220 CA San Diego Chula Vista
77%
91st 249,630 AZ Phoenix Glendale
77%
76th 279,458 AZ Phoenix Chandler
74%
72nd 288,253 TX Dallas Plano
70%
89th 251,269 VA Virginia Beach Chesapeake
66%
62nd 309,441 CA Los Angeles Santa Ana
66%
80th 273,136 AZ Phoenix Gilbert
64%
64th 309,031 CA Los Angeles Irvine
64%
88th 254,198 TX Dallas Irving
64%
93rd 242,035 TX Dallas Garland
60%
97th 227,514 CA San Francisco Fremont
55%
99th 224,593 CA Los Angeles Santa Clarita
45%
No matching quizzes found
Score Distribution
Percent of People with Each Score
Percentile by Number Answered
Your Score History
You have not taken this quiz